000 01012nam a2200265 a 4500
001 000007347
005 20240307073944.0
008 090908s1983 dr a 001 0 spa d
040 _aDO-SdBNP
_bspa
_cBNPHU
082 _a611.001
_bB352m
100 1 _aBautista, Leonelo
_920433
245 1 0 _aManual autoevaluativo de anatomía humana /
_cLeonelo Bautista, Bienvenido Peña ; edición Isamael Paniagua.
260 _aSanto Domingo :
_bUniversitaria-UASD,
_c1983.
300 _av. :
_bil. ;
_c21 cm.
490 1 _aPublicaciones de la Universidad Autónoma de Santo Domingo ;
_v352 ;
490 1 _aSalud y sociedad ;
_v4 ;
500 _aLa biblioteca posee el v. 1 y 2
590 _aInventariado, 2018/ YL
650 4 _aAnatomia humana
_97327
700 1 _aPeña Bienvenido
_920434
700 1 _aPaniagua, Ismael
_eed.
_974
710 1 _aUniversidad Autónoma de Santo Domingo
_972951
830 0 _aPublicaciones de la Universidad Autónoma de Santo Domingo ;
_n352
_920435
830 0 _aSalud y sociedad
_n4
_920436
999 _c7128
_d7128